Palabras del año - Estadísticas

Estadísticas generales
  • Esta prueba ha sido intentada 66 veces
  • La puntuación promedio es 6 de 11
Estadísticas de respuestas
Año Significado Palabra % Correcto
2014 Autofoto Selfi
98%
2015 Persona que, a consecuencia de guerras, revoluciones o persecuciones políticas, se ve obligada a buscar refugio fuera de su país Refugiado
78%
2019 Pequeña imagen o icono digital que se usa en las comunicaciones electrónicas para representar una emoción, un objeto, una idea, etc. Emoji
72%
2021 Preparado de antígenos que, aplicado a un organismo, provoca en él una respuesta de defensa Vacuna
67%
2016 Tendencia política que pretende atraerse a las clases populares Populismo
60%
2018 Pieza de plástico extremadamente pequeña, manufacturada como tal o resultante de la fragmentación de plásticos más grandes, no soluble en agua y muy poco degradable Microplástico
52%
2022 Disciplina científica que se ocupa de crear programas informáticos que ejecutan operaciones comparables a las que realiza la mente humana, como el aprendizaje o el razonamiento lógico Inteligencia artificial
50%
2020 Aislamiento temporal y generalmente impuesto de una población, una persona o un grupo por razones de salud o de seguridad Confinamiento
41%
2013 Manifestación popular de protesta contra una persona, generalmente del ámbito de la política o de la Administración, que se realiza frente a su domicilio o en algún lugar público al que deba concurrir Escrache
31%
2017 Fobia a las personas pobres o desfavorecidas Aporofobia
14%
2023 Acción y efecto de orientar en dos direcciones contrapuestas Polarización
9%
No se encontraron pruebas coincidentes
Distribución de puntuación
Porcentaje de gente con cada puntuación
Porcentaje por número respondido
Historial de tus puntuaciones
No has intentado esta prueba.